| 000 | 00608cam a2200229 i 4500 | ||
|---|---|---|---|
| 001 | 3185430 | ||
| 005 | 20180206034959.0 | ||
| 008 | 761028s1976 enka b 001 0 eng | ||
| 010 | _a 76378006 | ||
| 015 | _aGB76-21611 | ||
| 020 |
_a0140809600 : _c£1.75 ($5.95 U.S.) |
||
| 040 |
_aDLC _cDLC _dDLC |
||
| 041 | _aeng | ||
| 080 | _a302.35 | ||
| 082 | 0 | 0 |
_a302.35 HAN _219 |
| 100 | 1 | _a54 | |
| 101 | _aMNG | ||
| 245 | 1 | 0 |
_aUnderstanding organizations / _c[by] Charles B. Handy. |
| 504 | _aIncludes bibliographies and index. | ||
| 906 |
_a7 _bcbc _corignew _d3 _encip _f19 _gy-gencatlg |
||
| 942 |
_2ddc _cBK |
||
| 999 |
_c41861 _d41861 |
||